000 00808cam a2200265 4500
999 _c9726
_d9726
001 9726
003 BD-JhCC
005 20221107134024.0
008 180324s1969 enka 001 0 eng
035 _a(BD-JhCC)9726
040 _aDLC
_cDLC
_dDLC
_dBD-JhCC
041 1 _aengger
050 0 0 _aND1037
_b.H413
082 0 0 _a759.95
_bHET 1969
100 2 _aHetl-Kuntze, H.
245 1 0 _aFar-Eastern art /
_c[by] H. Hetl-Kuntze;
260 _aLondon :
_bThames & Hudson,
_c1969.
300 _a149 p.
_b105 col. illus.
_c17 cm.
350 _a12/6
440 4 _aThe Dolphin history of painting:
_vv. 6
500 _a"Originally published as part of one volume by H. L. C. Jaffé entitled 20,000 years of world painting."
650 0 _aPainting, Chinese.
650 0 _aPainting, Japanese.
942 _2ddc
_cBK
_01